Statystyki dla Andriej Tarkowski filmy

Kliknij tutaj aby rozwiązać quiz!

Ogólne statystyki

  • Ten quiz został rozwiązany 2 razy
  • Średni wynik to 5 z 11

Statystyki odpowiedzi

rokfilm% Poprawnych
1972Solaris
100%
1979Stalker
100%
1975Zwierciadło
100%
1966Andriej Rublow
50%
1983Nostalgia
50%
1986Ofiarowanie
50%
1983Czas podróży
0%
1962Dziecko wojny
0%
1958Dzisiaj przepustki nie będzie
0%
1960Mały marzyciel
0%
1956Zabójcy
0%

Rozkład punktacji

Percentyl według liczby udzielonych odpowiedzi

Procent ludzi z każdym wynikiem

Twoja historia wyników

Nie rozwiązałeś tego quizu